The vanishing stepwells of India (Record no. 12262)

000 -LEADER
fixed length control field 00372 a2200145 4500
003 - CONTROL NUMBER IDENTIFIER
control field OSt
005 - DATE AND TIME OF LATEST TRANSACTION
control field 20240116153930.0
008 - FIXED-LENGTH DATA ELEMENTS--GENERAL INFORMATION
fixed length control field 240116b ||||| |||| 00| 0 eng d
020 ## - INTERNATIONAL STANDARD BOOK NUMBER
International Standard Book Number 9781858946894
100 ## - MAIN ENTRY--PERSONAL NAME
Personal name Lautman, Victoria
245 ## - TITLE STATEMENT
Title The vanishing stepwells of India
260 ## - PUBLICATION, DISTRIBUTION, ETC. (IMPRINT)
Name of publisher, distributor, etc Merrell Publishers Ltd
Date of publication, distribution, etc 2020
700 ## - ADDED ENTRY--PERSONAL NAME
Personal name Divya Guptha (Forwarded)
942 ## - ADDED ENTRY ELEMENTS (KOHA)
Source of classification or shelving scheme
Holdings
Withdrawn status Lost status Source of classification or shelving scheme Damaged status Koha normalized classification for sorting Not for loan Permanent location Current location Date acquired Source of acquisition Cost, normal purchase price Full call number Barcode Date last seen Cost, replacement price Price effective from Koha item type
        725_909540000000000   BMS College of Architecture, Design and Planning BMS College of Architecture, Design and Planning 2024-01-16 1 2032.50 725.90954 AR-UG3618 2024-01-16 2710.00 2024-01-16 UG Books
Copyright © 2025, The Librarian, Library and Information Centre, BMSCA D&P, Bengaluru. All Rights Reserved
web counter

Powered by Koha